|
|
|
|
| LEADER |
00000nam a2200000Ii 4500 |
| 001 |
DIGBRUJ182 |
| 003 |
NyNyDIG |
| 006 |
m o d |
| 007 |
cr ||||||||||| |
| 008 |
220709s2016 ag ob 000 0 spa d |
| 035 |
|
|
|a (OCoLC)1350508356
|
| 040 |
|
|
|a DGITA
|b eng
|e rda
|e pn
|c DGITA
|
| 020 |
|
|
|a 9789871925810
|q pdf
|
| 020 |
|
|
|z 9789871432639
|
| 050 |
1 |
4 |
|a HV6626.5 ebook
|
| 082 |
0 |
4 |
|a 303.6083
|
| 245 |
0 |
0 |
|a Violencia en niños y adolescentes /
|c Hilda Marchiori, directora.
|
| 264 |
|
1 |
|a Córdoba, Argentina :
|b Encuentro Grupo Editor,
|c [2016]
|
| 300 |
|
|
|a 1 online resource.
|
| 336 |
|
|
|a text
|b txt
|2 rdacontent
|
| 337 |
|
|
|a computer
|b c
|2 rdamedia
|
| 338 |
|
|
|a online resource
|b cr
|2 rdacarrier
|
| 347 |
|
|
|a text file
|2 rdaft
|
| 347 |
|
|
|b PDF
|
| 490 |
1 |
|
|a Serie Victimología ;
|v 9
|
| 504 |
|
|
|a Includes bibliographical references.
|
| 588 |
0 |
|
|a Online resource; title from PDF title page (Digitalia, viewed July 9, 2022)
|
| 650 |
|
0 |
|a Child abuse.
|
| 650 |
|
0 |
|a Violence in children.
|
| 650 |
|
0 |
|a Children and violence.
|
| 650 |
|
0 |
|a Juvenile delinquency.
|
| 655 |
|
0 |
|a Electronic books.
|
| 700 |
1 |
|
|a Marchiori, Hilda,
|e editor.
|
| 791 |
2 |
|
|a Digitalia (Firm),
|e distributor.
|
| 793 |
0 |
|
|g Digitalia eBook Collection:
|a Editorial Brujas
|
| 776 |
0 |
8 |
|i Print version:
|t Violencia en niños y adolescentes.
|d Córdoba, Argentina : Encuentro Grupo Editor, [2016]
|z 9789871432639
|
| 830 |
|
0 |
|a Serie Victimología ;
|v 9.
|
| 856 |
4 |
0 |
|3 Digitalia Hispánica
|u https://www.digitaliapublishing.com/a/41873/
|
| 910 |
|
|
|a Premium collection: 2022
|